01383nam a2200313Ia 4500001001200000003000800012006001900020007001500039008004100054010001700095020003900112020004200151020002600193040002100219035002100240050002700261082001900288245015400307260005400461300001600515504005100531533015200582650007100734650007300805655002900878700001900907710001700926856012600943ebr10684524CaPaEBRm u cr cn|||||||||101206s2011 ne sb 001 0 eng d z 2010051347 z9004192468 (hardback : alk. paper) z9789004192461 (hardback : alk. paper) z9789004215825 (ebook) aCaPaEBRcCaPaEBR a(OCoLC)81758391314aKJE6065.G35bI5 2011eb04a344.24/09922200aIn the shadow of Luxembourgh[electronic resource] :bEU and national developments in the regulation of gambling /cedited by Alan Littler ... et al. aLeiden ;aBoston :bM. Nijhoff Publishers,c2011. axiv, 316 p. aIncludes bibliographical references and index. aElectronic reproduction.bPalo Alto, Calif. :cebrary,d2013.nAvailable via World Wide Web.nAccess may be limited to ebrary affiliated libraries. 0aGamblingxGovernment policyzEuropean Union countriesvCongresses. 0aGamblingxLaw and legislationzEuropean Union countriesvCongresses. 7aElectronic books.2local1 aLittler, Alan.2 aebrary, Inc.40uhttp://site.ebrary.com/lib/rucke/Doc?id=10684524zAn electronic book accessible through the World Wide Web; click to view